| 000 | 00634cam a2200181 4500 | ||
|---|---|---|---|
| 001 | D4080 | ||
| 008 | 090401t1981 xxu||||| |||| 00| 0 eng d | ||
| 035 | _a(Sirsi) u76462 | ||
| 041 | _aeng | ||
| 050 | _a526.903 | ||
| 245 | _aGlossaries for surveyors / collected by Ray Minnick | ||
| 260 |
_aRancho Cardova, C A _bLandmark Enterprises _c1981 |
||
| 300 | _a517p. 28cm | ||
| 350 | _a0 | ||
| 520 | _aA compilation of Glossary of mapping, charting and geodetic terms. Definitions of terms used in geodetic and other surveys, Tide and current glossary. Glossary of BLM surveying and mapping terms | ||
| 942 | _n0 | ||
| 948 | _c04/03/1997 | ||
| 999 |
_c96181 _d96181 |
||